[Event "?"]
[Site "?"]
[Date "????.??.??"]
[Round "?"]
[White "Kluger, H."]
[Black "Lehtosaari, K."]
[Result "0-1"]
[WhiteElo "1960"]
[BlackElo "2029"]
[PlyCount "77"]
[EventDate "2010.??.??"]
[WhiteTeam "Widukind 2"]
[BlackTeam "Turku"]

1. d4 d5 2. c4 c6 3. cxd5 cxd5 4. Nc3 Nf6 5. Nf3 Nc6 6. e3 Bg4 7. Be2 e6 8. a3
Bd6 9. h3 Bh5 10. O-O O-O 11. Bd2 Rc8 12. Rc1 Bb8 13. Ne1 Bg6 14. f4 Ne4 15.
Nxe4 Bxe4 16. Nf3 f6 17. b4 Ne7 18. Qb3 Nf5 19. Rxc8 Qxc8 20. Rc1 Qe8 21. Nh2
g5 22. Qc3 gxf4 23. exf4 Kh8 24. Bf3 Ng3 25. Qe3 Nf5 26. Qf2 Nd6 27. Be2 Rg8
28. Nf3 Nf5 29. g4 a6 30. Kf1 Nd6 31. Qh4 Qg6 32. Qf2 Nc4 33. Nh4 Nxd2+ 34. Ke1
Qh6 35. f5 Nf3+ 36. Bxf3 Qxc1+ 37. Bd1 Qc3+ 38. Kf1 Bg3 39. Ng6+ 0-1

[Event "?"]
[Site "?"]
[Date "????.??.??"]
[Round "?"]
[White "Ranki, M."]
[Black "Hentzschel, E."]
[Result "1/2-1/2"]
[WhiteElo "1927"]
[BlackElo "1947"]
[PlyCount "45"]
[EventDate "2010.??.??"]
[WhiteTeam "Turku"]
[BlackTeam "Widukind 2"]

1. e4 e5 2. Nf3 Nc6 3. Bb5 a6 4. Ba4 Nf6 5. O-O d6 6. h3 Bd7 7. Re1 Be7 8. c3
O-O 9. d4 exd4 10. cxd4 Re8 11. Nbd2 h6 12. Nf1 Nh7 13. Bb3 Ng5 14. Nxg5 Bxg5
15. Qh5 Qf6 16. Bxg5 hxg5 17. Rad1 Rad8 18. Ng3 Rf8 19. e5 dxe5 20. Ne4 Qh6 21.
Qxh6 gxh6 22. dxe5 Kg7 23. Nf6 1/2-1/2

[Event "?"]
[Site "?"]
[Date "????.??.??"]
[Round "?"]
[White "Morant, P."]
[Black "Johannsen, I."]
[Result "1-0"]
[WhiteElo "2194"]
[BlackElo "2071"]
[PlyCount "79"]
[EventDate "2010.??.??"]
[WhiteTeam "TuTS"]
[BlackTeam "Störtebeker"]

1. e4 e6 2. d4 d5 3. Nc3 Nf6 4. Bg5 Be7 5. e5 Nfd7 6. Bxe7 Qxe7 7. Qg4 f5 8.
Qh5+ g6 9. Qh6 Nc6 10. O-O-O Nb6 11. Nf3 Bd7 12. h4 O-O-O 13. Qe3 h6 14. Nd2 g5
15. g3 Kb8 16. Nb3 Bc8 17. Bb5 g4 18. Nc5 h5 19. Ne2 Na5 20. Qa3 Nc6 21. Bxc6
Qf8 22. Bb5 c6 23. Bd3 Na8 24. Nf4 Nc7 25. Kb1 b5 26. Qa5 Rh7 27. a4 bxa4 28.
Qxa4 Qe8 29. Be2 Nb5 30. Rd3 Re7 31. Rb3 a6 32. Nxa6+ Bxa6 33. Qxa6 Ra7 34.
Bxb5 Rxa6 35. Bxc6+ Kc7 36. Bxe8 Rxe8 37. Nxh5 Rea8 38. Ra3 Rxa3 39. bxa3 Rxa3
40. Nf6 1-0

[Event "?"]
[Site "?"]
[Date "????.??.??"]
[Round "?"]
[White "Mewes, H."]
[Black "Suominen, A."]
[Result "1/2-1/2"]
[WhiteElo "1924"]
[BlackElo "1877"]
[PlyCount "64"]
[EventDate "2010.??.??"]
[WhiteTeam "Störtebeker"]
[BlackTeam "TuTS"]

1. d4 d5 2. Nf3 Nf6 3. c4 e6 4. Nc3 a6 5. e3 dxc4 6. Bxc4 b5 7. Bd3 Be7 8. a3
c5 9. dxc5 Bxc5 10. b4 Be7 11. O-O O-O 12. Bb2 Bb7 13. Be2 Qxd1 14. Rfxd1 Nbd7
15. Nd4 Nb6 16. Nb3 Rac8 17. Na5 Ba8 18. Rac1 Rfd8 19. Bf3 Bxf3 20. gxf3 Nc4
21. Nxc4 Rxc4 22. Rxd8+ Bxd8 23. Ne2 Rxc1+ 24. Nxc1 Nd5 25. Nd3 a5 26. e4 Ne7
27. Bc3 Nc6 28. Kf1 f6 29. f4 Kf7 30. Ke2 Kg6 31. Kf3 axb4 32. axb4 Be7 1/2-1/2

[Event "?"]
[Site "?"]
[Date "????.??.??"]
[Round "?"]
[White "Ketonen, T."]
[Black "Schäfer, H."]
[Result "1-0"]
[WhiteElo "1914"]
[BlackElo "1933"]
[PlyCount "63"]
[EventDate "2010.??.??"]
[WhiteTeam "TuTS"]
[BlackTeam "Störtebeker"]

1. e4 c5 2. Nf3 d6 3. d4 cxd4 4. Nxd4 Nf6 5. Nc3 a6 6. Be2 e6 7. O-O Be7 8. a4
Bd7 9. f4 Nc6 10. Kh1 O-O 11. Nb3 Qc7 12. Be3 b6 13. Bf3 Rab8 14. Qe2 Bc8 15.
g4 Bb7 16. Rad1 Nd7 17. g5 Rfe8 18. Rd2 Nc5 19. Bg2 Nxb3 20. cxb3 Na5 21. Rc2
Nc6 22. f5 Bf8 23. Qf2 Qe7 24. g6 f6 25. fxe6 Qxe6 26. Nd5 Rbc8 27. Nf4 Qxb3
28. gxh7+ Kxh7 29. Rc3 Qf7 30. Bh3 Rb8 31. Bf5+ Kg8 32. Bg6 1-0

[Event "?"]
[Site "?"]
[Date "????.??.??"]
[Round "?"]
[White "Buck, Kl"]
[Black "Almi, O."]
[Result "1-0"]
[WhiteElo "1835"]
[BlackElo "1792"]
[PlyCount "64"]
[EventDate "2010.??.??"]
[WhiteTeam "Störtebeker"]
[BlackTeam "TuTS"]

1. b4 d5 2. Bb2 Nd7 3. e3 e5 4. b5 Ngf6 5. c4 c6 6. a4 Be7 7. Nf3 Qc7 8. Be2
O-O 9. O-O e4 10. Nd4 dxc4 11. Bxc4 Ne5 12. Be2 c5 13. f4 Neg4 14. Qc2 Qd6 15.
Nb3 h5 16. h3 Nh6 17. Be5 Qd8 18. Nxc5 Qb6 19. Nxe4 Nd5 20. Bd4 Qg6 21. Rf3 Bf5
22. d3 Rac8 23. Qd1 Bxe4 24. dxe4 Qxe4 25. Rg3 Nf6 26. Nc3 Qe6 27. Bxh5 Nf5 28.
Bg4 Nxg4 29. Rxg4 Rxc3 30. Bxc3 Qxe3+ 31. Kh2 Qxc3 32. Rc1 Qa3 1-0

[Event "?"]
[Site "?"]
[Date "????.??.??"]
[Round "?"]
[White "Dötzel, H."]
[Black "Bue, G."]
[Result "1-0"]
[WhiteElo "1845"]
[BlackElo "1879"]
[PlyCount "48"]
[EventDate "2010.??.??"]
[WhiteTeam "Senioren Dresden 2"]
[BlackTeam "Norwegen 3"]

1. e4 d6 2. d4 Nf6 3. Nc3 g6 4. Be3 Bg7 5. Nf3 c6 6. h3 b5 7. Bd3 Nbd7 8. Qd2
h6 9. e5 dxe5 10. dxe5 Ng8 11. e6 fxe6 12. Bxg6+ Kf8 13. O-O Qa5 14. a3 Ne5 15.
Nxe5 Bxe5 16. Bd4 Bxd4 17. Qxd4 Nf6 18. Rad1 Bb7 19. Rd3 Qc7 20. Re1 c5 21. Qh4
Qc6 22. Rg3 a6 23. Qf4 Qb6 24. Rge3 Be4 1-0

[Event "?"]
[Site "?"]
[Date "????.??.??"]
[Round "?"]
[White "Wicklund-Hansen, R."]
[Black "Waldmann, D."]
[Result "0-1"]
[WhiteElo "1893"]
[BlackElo "1557"]
[PlyCount "100"]
[EventDate "2010.??.??"]
[WhiteTeam "Norwegen 3"]
[BlackTeam "Senioren Dresden 2"]

1. e4 c5 2. Nf3 d6 3. d3 Nc6 4. Be3 Nf6 5. g3 g6 6. Bg2 Bg7 7. c3 Ng4 8. Bc1
Nge5 9. Qc2 Nxf3+ 10. Bxf3 Ne5 11. Bg2 O-O 12. O-O Bd7 13. f4 Nc6 14. Be3 Qc8
15. Nd2 e6 16. Nc4 Qc7 17. a4 Rab8 18. Rac1 b5 19. axb5 Rxb5 20. Ra1 Rfb8 21.
Ra2 Na5 22. Nd2 c4 23. dxc4 Nxc4 24. Nxc4 Qxc4 25. Rfa1 R5b7 26. Bxa7 Ra8 27.
Bf1 Qc7 28. Be3 Rxa2 29. Rxa2 Bc6 30. Ra8+ Bf8 31. Ra2 d5 32. e5 Bb5 33. Bxb5
Rxb5 34. Qa4 Qc4 35. Qxc4 dxc4 36. Kf1 Kg7 37. Ke2 Be7 38. Bd4 h5 39. h3 g5 40.
Kf3 Kg6 41. Ke4 f5+ 42. Ke3 h4 43. Ra6 hxg3 44. Rb6 Rxb6 45. Bxb6 Kh5 46. fxg5
Bxg5+ 47. Kd4 f4 48. Kxc4 f3 49. Kd3 Kh4 50. Ke4 f2 0-1

[Event "?"]
[Site "?"]
[Date "????.??.??"]
[Round "?"]
[White "Höppner, K."]
[Black "Ludvigsen, J."]
[Result "0-1"]
[WhiteElo "1643"]
[BlackElo "1821"]
[PlyCount "31"]
[EventDate "2010.??.??"]
[WhiteTeam "Senioren Dresden 2"]
[BlackTeam "Norwegen 3"]

1. d4 Nf6 2. Bf4 g6 3. e3 Bg7 4. c3 O-O 5. h3 d6 6. Nf3 Nbd7 7. Be2 c6 8. Nbd2
h6 9. O-O Nh5 10. Bh2 f5 11. Nh4 Qe8 12. Bxh5 gxh5 13. f4 Bf6 14. Nxf5 Qg6 15.
Ng3 h4 16. f5 0-1

[Event "?"]
[Site "?"]
[Date "????.??.??"]
[Round "?"]
[White "Rollwitz, J."]
[Black "Kalmutzki, M."]
[Result "1/2-1/2"]
[WhiteElo "1991"]
[BlackElo "1954"]
[PlyCount "54"]
[EventDate "2010.??.??"]
[WhiteTeam "BSW  Berlin/DBAG"]
[BlackTeam "Stiftg BSW/DBAG 4"]

1. e4 c5 2. d4 cxd4 3. c3 e6 4. cxd4 d5 5. exd5 exd5 6. Nf3 Nf6 7. Bb5+ Bd7 8.
Bxd7+ Nbxd7 9. O-O Be7 10. Nc3 O-O 11. Bg5 Nb6 12. Qd3 Re8 13. Rfe1 Nh5 14.
Bxe7 Rxe7 15. Rxe7 Qxe7 16. Re1 Qd8 17. g3 a6 18. Qe2 Kf8 19. Ne5 Nf6 20. Qf3
Qc7 21. Qf4 Rc8 22. Nd3 Qxf4 23. Nxf4 Re8 24. Rxe8+ Kxe8 25. f3 Ke7 26. b3 Kd6
27. Kf2 Nc8 1/2-1/2

[Event "?"]
[Site "?"]
[Date "????.??.??"]
[Round "?"]
[White "Warnke, E."]
[Black "Fitzke, U."]
[Result "0-1"]
[WhiteElo "1821"]
[BlackElo "2003"]
[PlyCount "72"]
[EventDate "2010.??.??"]
[WhiteTeam "Stiftg BSW/DBAG 4"]
[BlackTeam "BSW  Berlin/DBAG"]

1. Nf3 c5 2. g3 Nc6 3. Bg2 Nf6 4. O-O g6 5. d3 Bg7 6. c4 O-O 7. e4 d6 8. h3 Qc7
9. Nc3 Rd8 10. Re1 Bd7 11. Qe2 e6 12. Bf4 a6 13. e5 dxe5 14. Bxe5 Nxe5 15. Nxe5
Be8 16. Rad1 Rab8 17. a4 Nd7 18. f4 Nb6 19. b3 Nd7 20. Nxd7 Bxd7 21. Ne4 Bc6
22. Ng5 Bxg2 23. Kxg2 Rd7 24. Nf3 Rbd8 25. Qe4 h5 26. h4 Qb6 27. Ne5 Rd4 28.
Qe2 Bxe5 29. Qxe5 Qxb3 30. Qxc5 Rxd3 31. Rxd3 Rxd3 32. Qf2 Qxc4 33. Kh3 Qxa4
34. Rc1 Qd7 35. Qb6 e5+ 36. Kh2 exf4 0-1

[Event "?"]
[Site "?"]
[Date "????.??.??"]
[Round "?"]
[White "Baudis, W."]
[Black "Gafke, M."]
[Result "1-0"]
[WhiteElo "1693"]
[BlackElo "1872"]
[PlyCount "61"]
[EventDate "2010.??.??"]
[WhiteTeam "BSW  Berlin/DBAG"]
[BlackTeam "Stiftg BSW/DBAG 4"]

1. d4 d5 2. c4 e6 3. Nc3 Bb4 4. e3 Nd7 5. Nf3 a6 6. a3 Bxc3+ 7. bxc3 dxc4 8.
Bxc4 b5 9. Be2 Nb6 10. O-O Bb7 11. Ne5 Bd5 12. f3 f6 13. Nd3 Ne7 14. e4 Bc4 15.
Bf4 O-O 16. Nc5 Bxe2 17. Qxe2 Qc8 18. Qf2 Ng6 19. Qg3 Nxf4 20. Qxf4 Re8 21.
Rfd1 Qd8 22. Qg4 Qe7 23. f4 c6 24. Qf3 e5 25. f5 Nc4 26. Rd3 a5 27. Qf2 Rad8
28. Rg3 a4 29. Ne6 Qd6 30. Rxg7+ Kh8 31. Qh4 1-0

[Event "?"]
[Site "?"]
[Date "????.??.??"]
[Round "?"]
[White "Bjorgvik, J."]
[Black "Bisse, V."]
[Result "0-1"]
[WhiteElo "1921"]
[BlackElo "1930"]
[PlyCount "114"]
[EventDate "2010.??.??"]
[WhiteTeam "Trondergutan"]
[BlackTeam "Senioren Dresden 1"]

1. e4 c6 2. d4 d5 3. Nc3 dxe4 4. Nxe4 Bf5 5. Ng3 Bg6 6. Nf3 Nd7 7. Nh4 Ngf6 8.
Nxg6 hxg6 9. c3 Qc7 10. Bc4 e6 11. O-O Bd6 12. Qf3 O-O-O 13. Bg5 Rde8 14. h3
Qa5 15. Bxf6 Nxf6 16. a4 Qg5 17. b4 Qf4 18. Qxf4 Bxf4 19. Ne2 Bd6 20. b5 c5 21.
a5 Nd7 22. Ng3 Bxg3 23. fxg3 Re7 24. Rfb1 cxd4 25. cxd4 Kb8 26. Be2 Rd8 27. b6
a6 28. Rc1 Nf6 29. Ra4 Red7 30. Rcc4 Ne8 31. g4 Nd6 32. Rc5 Ne4 33. Rcc4 g5 34.
Bf3 Nd6 35. Rc5 f6 36. d5 e5 37. Kf2 Rc8 38. Rxc8+ Kxc8 39. Ke3 g6 40. Rb4 Rd8
41. Bd1 Kd7 42. Be2 Rc8 43. Rb3 f5 44. g3 Nc4+ 45. Bxc4 Rxc4 46. gxf5 gxf5 47.
Rb2 Kd6 48. Rh2 Rc3+ 49. Kd2 Rxg3 50. h4 Ra3 51. Kc1 gxh4 52. Rxh4 Rxa5 53. Rh7
Rc5+ 54. Kd2 Rxd5+ 55. Ke2 Kc6 56. Rh6+ Rd6 57. Rh5 Rf6 0-1

[Event "?"]
[Site "?"]
[Date "????.??.??"]
[Round "?"]
[White "Kanibalotzka, E."]
[Black "Gabrielsen, O."]
[Result "1-0"]
[WhiteElo "1826"]
[BlackElo "1788"]
[PlyCount "39"]
[EventDate "2010.??.??"]
[WhiteTeam "Senioren Dresden 1"]
[BlackTeam "Trondergutan"]

1. Nf3 f5 2. g3 Nf6 3. Bg2 e6 4. O-O Nc6 5. d4 Be7 6. c4 d5 7. Ne5 Bd6 8. Nxc6
bxc6 9. c5 Be7 10. Nd2 O-O 11. Nf3 Nd7 12. h4 e5 13. Nxe5 Nxe5 14. dxe5 Bxc5
15. Qc2 Qe7 16. Bg5 Qxe5 17. Qxc5 Bd7 18. e3 Qxb2 19. Bxd5+ cxd5 20. Qxd5+ 1-0

[Event "?"]
[Site "?"]
[Date "????.??.??"]
[Round "?"]
[White "Haugvik, B."]
[Black "Rühle, H."]
[Result "0-1"]
[WhiteElo "1752"]
[BlackElo "1639"]
[PlyCount "88"]
[EventDate "2010.??.??"]
[WhiteTeam "Trondergutan"]
[BlackTeam "Senioren Dresden 1"]

1. e4 d6 2. d4 Nf6 3. Nc3 g6 4. f3 Bg7 5. Be3 O-O 6. Qd2 Re8 7. O-O-O c6 8. Kb1
b5 9. h4 h5 10. e5 b4 11. exf6 bxc3 12. fxe7 Qxe7 13. Qxc3 Qxe3 14. Bd3 Bxd4
15. Qb3 Qe6 16. Qa4 Bg7 17. Ne2 Qf6 18. Nc3 Bd7 19. Qb3 Be6 20. Qb7 Nd7 21. Ne4
Qe5 22. f4 Qa5 23. Qa6 Qxa6 24. Bxa6 d5 25. Nd6 Red8 26. Nb7 Rf8 27. b3 Rab8
28. Rhf1 Bc3 29. Nd6 Bb4 30. f5 Bxd6 31. fxe6 fxe6 32. Rfe1 e5 33. Bd3 Kg7 34.
c4 d4 35. Be4 c5 36. Re2 Rf6 37. Bc6 Nf8 38. Rde1 Rf5 39. Be4 Rf6 40. Kc2 Ne6
41. g3 Rbf8 42. Kd3 Rf1 43. a3 Rxe1 44. Rxe1 Rf2 0-1

[Event "?"]
[Site "?"]
[Date "????.??.??"]
[Round "?"]
[White "Frenzel, L."]
[Black "Johansen, B."]
[Result "1/2-1/2"]
[WhiteElo "1821"]
[BlackElo "1630"]
[PlyCount "63"]
[EventDate "2010.??.??"]
[WhiteTeam "Senioren Dresden 1"]
[BlackTeam "Trondergutan"]

1. d4 d5 2. Nf3 Nc6 3. Nc3 Nf6 4. e3 Bf5 5. Bd3 Bxd3 6. Qxd3 e6 7. a3 a6 8. O-O
Bd6 9. Re1 h6 10. e4 dxe4 11. Nxe4 Be7 12. h3 O-O 13. Bf4 Nd5 14. Bh2 Qd7 15.
Rad1 Rad8 16. c4 Nf6 17. Nc3 Bd6 18. Bxd6 cxd6 19. d5 exd5 20. Nxd5 Nxd5 21.
Qxd5 Ne7 22. Qe4 Ng6 23. Qd4 Qc7 24. Rd2 Ne5 25. b3 Nxf3+ 26. gxf3 Qa5 27. a4
Qg5+ 28. Kh2 Qf5 29. Rg1 Qe5+ 30. f4 Qxd4 31. Rxd4 Rfe8 32. Rgd1 1/2-1/2

[Event "?"]
[Site "?"]
[Date "????.??.??"]
[Round "?"]
[White "Stavenhagen, J."]
[Black "Flockhart, H."]
[Result "1/2-1/2"]
[WhiteElo "2011"]
[BlackElo "1871"]
[PlyCount "63"]
[EventDate "2010.??.??"]
[WhiteTeam "Saxone/1911-BSW"]
[BlackTeam "Schottland 2"]

1. d4 Nf6 2. Nf3 g6 3. c4 c5 4. e3 Bg7 5. Nc3 b6 6. d5 d6 7. Bd3 O-O 8. h3 a6
9. O-O Ne8 10. Qc2 Nd7 11. Rb1 Ne5 12. Nxe5 Bxe5 13. f4 Bg7 14. f5 e5 15. dxe6
fxe6 16. fxg6 Rxf1+ 17. Bxf1 h6 18. Qf2 Qf6 19. Bd3 Qxf2+ 20. Kxf2 Bb7 21. Ne2
e5 22. Bf5 Nf6 23. b4 Be4 24. Bxe4 Nxe4+ 25. Ke1 Rb8 26. bxc5 dxc5 27. a4 Nd6
28. Ba3 Bf8 29. Bxc5 Nxc4 30. Bxf8 Kxf8 31. Rb3 Kg7 32. Rc3 1/2-1/2

[Event "?"]
[Site "?"]
[Date "????.??.??"]
[Round "?"]
[White "Murphy, G."]
[Black "Alter, H."]
[Result "0-1"]
[WhiteElo "1685"]
[BlackElo "1882"]
[PlyCount "60"]
[EventDate "2010.??.??"]
[WhiteTeam "Schottland 2"]
[BlackTeam "Saxone/1911-BSW"]

1. Nf3 d5 2. c4 e6 3. d4 c6 4. e3 f5 5. g3 Nf6 6. Bg2 Bd6 7. b3 Nbd7 8. Bb2 O-O
9. O-O Ne4 10. Nbd2 Qf6 11. Ne1 Qe7 12. Nd3 Qf6 13. Nf3 g5 14. Nfe5 g4 15. f3
gxf3 16. Rxf3 Ng5 17. Rf1 Bxe5 18. dxe5 Qh6 19. Nf4 Re8 20. cxd5 cxd5 21. Rc1
b6 22. Rc7 Nc5 23. Nxd5 exd5 24. Bxd5+ Be6 25. Rxf5 Rad8 26. Bxe6+ Ncxe6 27.
Qg4 Rd2 28. h4 Rxb2 29. Rf6 Rd8 30. Rxe6 Rb1+ 0-1

[Event "?"]
[Site "?"]
[Date "????.??.??"]
[Round "?"]
[White "Morgner, S."]
[Black "Macgilchrist, S."]
[Result "1-0"]
[WhiteElo "1870"]
[BlackElo "1817"]
[PlyCount "73"]
[EventDate "2010.??.??"]
[WhiteTeam "Saxone/1911-BSW"]
[BlackTeam "Schottland 2"]

1. Nf3 d5 2. d4 Nf6 3. c4 e6 4. Nc3 Nbd7 5. Bg5 Be7 6. e3 O-O 7. Qc2 c6 8. Bd3
h6 9. Bh4 dxc4 10. Bxc4 Nb6 11. Bd3 Nfd5 12. Bxe7 Qxe7 13. a3 Rd8 14. Ne4 Nd7
15. O-O N5f6 16. Rac1 Nxe4 17. Bxe4 Nf6 18. Bd3 Bd7 19. e4 Be8 20. Rfd1 a5 21.
Ne5 Rxd4 22. f4 Rdd8 23. g4 Nd7 24. Nf3 Nf8 25. e5 Ng6 26. Bxg6 fxg6 27. Kg2
Rd5 28. Rxd5 cxd5 29. Kg3 Ra6 30. Nd4 g5 31. Qc8 gxf4+ 32. Kh3 Qd7 33. Qb8 Kh7
34. Rc7 Qa4 35. Qxb7 Bg6 36. Rxg7+ Kh8 37. Rxg6 1-0

[Event "?"]
[Site "?"]
[Date "????.??.??"]
[Round "?"]
[White "Macrae, J."]
[Black "Zanger, K."]
[Result "1/2-1/2"]
[WhiteElo "1753"]
[BlackElo "1811"]
[PlyCount "81"]
[EventDate "2010.??.??"]
[WhiteTeam "Schottland 2"]
[BlackTeam "Saxone/1911-BSW"]

1. d4 Nf6 2. Nf3 g6 3. Bg5 Bg7 4. e3 b6 5. Bd3 Nc6 6. c3 O-O 7. O-O h6 8. Bh4
a5 9. Qe2 Re8 10. Nbd2 Bb7 11. e4 Nh5 12. Bc4 Bf6 13. Bxf6 Nxf6 14. e5 Nh7 15.
Rad1 e6 16. Ne4 Ne7 17. Ng3 Nd5 18. Rfe1 Rb8 19. a3 Ng5 20. Nxg5 Qxg5 21. Ne4
Nf4 22. Nxg5 Nxe2+ 23. Rxe2 hxg5 24. Rd3 d5 25. exd6 cxd6 26. Bb5 Re7 27. Rg3
f6 28. Rge3 e5 29. dxe5 dxe5 30. Rd2 Kg7 31. Rd6 f5 32. Re2 f4 33. Red2 Be4 34.
Rd8 Rxd8 35. Rxd8 Kf6 36. Bc4 g4 37. Rd6+ Kg5 38. Rd2 Kf6 39. h3 gxh3 40. gxh3
g5 41. Kh2 1/2-1/2

[Event "?"]
[Site "?"]
[Date "????.??.??"]
[Round "?"]
[White "Svenske, J."]
[Black "Hauswald, G."]
[Result "1-0"]
[WhiteElo "1844"]
[BlackElo "1820"]
[PlyCount "79"]
[EventDate "2010.??.??"]
[WhiteTeam "Arctic Team"]
[BlackTeam "Heidenau"]

1. d4 Nf6 2. c4 g6 3. Nc3 Bg7 4. e4 d6 5. Be2 O-O 6. Nf3 Na6 7. O-O c6 8. Rb1
Nc7 9. b4 a6 10. a4 Rb8 11. b5 axb5 12. axb5 cxb5 13. cxb5 b6 14. Re1 Ne6 15.
Bf1 Bb7 16. Ng5 Nxg5 17. Bxg5 h6 18. Bf4 Nh5 19. Be3 Nf6 20. f3 Nd7 21. Qd2 Kh7
22. Qf2 e6 23. Bd3 Qe7 24. Rec1 Ra8 25. Ne2 Rfc8 26. Rxc8 Rxc8 27. Rc1 Qd8 28.
h4 Rxc1+ 29. Bxc1 Nf6 30. g4 e5 31. Be3 Nd7 32. f4 Nf6 33. Qf3 Qd7 34. f5 Qd8
35. g5 Nh5 36. Qg4 Bc8 37. Nc3 exd4 38. gxh6 Bf6 39. e5 dxe3 40. fxg6+ 1-0

[Event "?"]
[Site "?"]
[Date "????.??.??"]
[Round "?"]
[White "Wiemann, D."]
[Black "Flotten, E."]
[Result "1-0"]
[WhiteElo "1475"]
[BlackElo "1794"]
[PlyCount "86"]
[EventDate "2010.??.??"]
[WhiteTeam "Heidenau"]
[BlackTeam "Arctic Team"]

1. e4 c6 2. Nf3 d5 3. exd5 cxd5 4. d4 Bg4 5. Be2 Nf6 6. O-O e6 7. h3 Bh5 8. Ne5
Bxe2 9. Qxe2 a6 10. c3 Bd6 11. Nd2 Qc7 12. Ndf3 Ne4 13. Be3 f6 14. Nd3 Nd7 15.
Nd2 O-O 16. Nxe4 dxe4 17. Ne1 f5 18. Bc1 Nf6 19. Bg5 Rae8 20. Bxf6 Rxf6 21. f3
exf3 22. Nxf3 e5 23. dxe5 Bxe5 24. Kh1 Rfe6 25. Qc2 g6 26. Rae1 Bg3 27. Rxe6
Rxe6 28. Qb3 Qe7 29. Nd4 Kf7 30. Qxe6+ Qxe6 31. Nxe6 Kxe6 32. Kg1 b5 33. Rf3 f4
34. Kf1 h6 35. Ke2 Ke5 36. Rd3 Bh4 37. Kf3 Bf6 38. Rd4 g5 39. Rd7 a5 40. Rb7 b4
41. cxb4 axb4 42. Rxb4 Kf5 43. Rb5+ Kg6 1-0

[Event "?"]
[Site "?"]
[Date "????.??.??"]
[Round "?"]
[White "Olsen, B."]
[Black "Mann, D."]
[Result "1/2-1/2"]
[WhiteElo "1694"]
[BlackElo "1740"]
[PlyCount "31"]
[EventDate "2010.??.??"]
[WhiteTeam "Arctic Team"]
[BlackTeam "Heidenau"]

1. b4 e5 2. Bb2 d6 3. e3 a5 4. b5 b6 5. c4 Bb7 6. Nf3 Nd7 7. Nc3 Ngf6 8. Be2
Be7 9. Qc2 c5 10. O-O h6 11. Nh4 Bf8 12. Nf5 Qc7 13. Qd1 O-O-O 14. Bf3 g6 15.
Ng3 Re8 16. Nce4 1/2-1/2

[Event "?"]
[Site "?"]
[Date "????.??.??"]
[Round "?"]
[White "Weiß, H."]
[Black "Esbensen, H."]
[Result "0-1"]
[WhiteElo "1642"]
[BlackElo "1445"]
[PlyCount "74"]
[EventDate "2010.??.??"]
[WhiteTeam "Heidenau"]
[BlackTeam "Arctic Team"]

1. f4 Nf6 2. Nf3 d6 3. e3 c5 4. b3 Nc6 5. Bb2 Bf5 6. d3 Qc7 7. Be2 O-O-O 8. O-O
h6 9. e4 Bh7 10. a4 e5 11. Bc1 Be7 12. Qe1 Rhg8 13. Bd2 exf4 14. Bxf4 g5 15.
Bg3 h5 16. Nc3 h4 17. Bf2 a6 18. Nd5 Nxd5 19. exd5 Nb8 20. a5 Nd7 21. b4 Bf6
22. Rb1 Rde8 23. Qd2 Ne5 24. b5 Nxf3+ 25. Bxf3 g4 26. Be2 g3 27. hxg3 hxg3 28.
Be3 Rxe3 29. Rxf6 Qe7 30. Re1 Qxf6 31. Bg4+ Rxg4 32. Qxe3 Rg8 33. b6 Kd7 34.
Rf1 Qe7 35. Qf3 f5 36. Qh5 Bg6 37. Qd1 Qe3+ 0-1

[Event "?"]
[Site "?"]
[Date "????.??.??"]
[Round "?"]
[White "Lechtynsky, J."]
[Black "Haubt, G."]
[Result "1-0"]
[WhiteElo "2393"]
[BlackElo "2266"]
[PlyCount "55"]
[EventDate "2010.??.??"]
[WhiteTeam "Tschechien"]
[BlackTeam "Hessen 1"]
[WhiteTeamCountry "CZE"]

1. Nf3 d5 2. b3 c5 3. e3 Bg4 4. Bb2 Nc6 5. Be2 Nf6 6. O-O Qc7 7. c4 e6 8. cxd5
Nxd5 9. Nc3 Nxc3 10. Bxc3 e5 11. h3 Bh5 12. Qc2 Be7 13. Rfe1 Bg6 14. Qb2 Bf6
15. Bb5 O-O-O 16. Bxc6 Qxc6 17. Nxe5 Bxe5 18. Bxe5 f6 19. Bg3 Bd3 20. Qa3 a6
21. Rac1 Rd5 22. Rc3 Qb5 23. e4 Rh5 24. e5 b6 25. b4 c4 26. exf6 gxf6 27. Rxd3
cxd3 28. Qc3+ 1-0

[Event "?"]
[Site "?"]
[Date "????.??.??"]
[Round "?"]
[White "Niebling, F."]
[Black "Pribyl, J."]
[Result "1/2-1/2"]
[WhiteElo "2197"]
[BlackElo "2344"]
[PlyCount "99"]
[EventDate "2010.??.??"]
[WhiteTeam "Hessen 1"]
[BlackTeam "Tschechien"]
[BlackTeamCountry "CZE"]

1. d4 Nf6 2. c4 g6 3. g3 Bg7 4. Bg2 d5 5. cxd5 Nxd5 6. Nf3 O-O 7. O-O Nc6 8.
Nc3 Nb6 9. e3 Re8 10. b3 e5 11. dxe5 Nxe5 12. Nxe5 Bxe5 13. Bb2 c6 14. Qxd8
Rxd8 15. Rad1 Bg4 16. f3 Be6 17. Rxd8+ Rxd8 18. Rd1 Rxd1+ 19. Nxd1 Bxb2 20.
Nxb2 Nd5 21. Nd1 f5 22. f4 Nb4 23. Nc3 Kf7 24. Kf2 Ke7 25. Ke2 Kd6 26. Kd2 Bd5
27. Bxd5 Nxd5 28. e4 fxe4 29. Nxe4+ Ke7 30. a3 b6 31. Kd3 h6 32. Kd4 Ke6 33. b4
Ne7 34. Nf2 Nf5+ 35. Kd3 Kd5 36. Ng4 c5 37. bxc5 Kxc5 38. Ne5 Ne7 39. Ke4 h5
40. h3 b5 41. g4 hxg4 42. hxg4 a5 43. f5 gxf5+ 44. gxf5 Nd5 45. Nd3+ Kd6 46.
Kd4 Ne7 47. Ke4 Nxf5 48. Kxf5 Kd5 49. Nc1 Kc4 50. Ke4 1/2-1/2

[Event "?"]
[Site "?"]
[Date "????.??.??"]
[Round "?"]
[White "Trapl, J."]
[Black "Zunker, R."]
[Result "0-1"]
[WhiteElo "2345"]
[BlackElo "2160"]
[PlyCount "27"]
[EventDate "2010.??.??"]
[WhiteTeam "Tschechien"]
[BlackTeam "Hessen 1"]
[WhiteTeamCountry "CZE"]

1. d4 Nf6 2. c4 g6 3. Nc3 Bg7 4. e4 d6 5. Nf3 O-O 6. h3 Na6 7. Bg5 h6 8. Be3 c6
9. Be2 Nc7 10. O-O Nd7 11. Qd2 Kh7 12. Rad1 e6 13. e5 d5 14. cxd5 0-1

[Event "?"]
[Site "?"]
[Date "????.??.??"]
[Round "?"]
[White "Westerinen, H."]
[Black "Wahlbom, M."]
[Result "1/2-1/2"]
[WhiteElo "2333"]
[BlackElo "2311"]
[PlyCount "42"]
[EventDate "2010.??.??"]
[WhiteTeam "Finnland"]
[BlackTeam "Schweden 1"]
[WhiteTeamCountry "FIN"]

1. e4 c5 2. Nf3 e6 3. Nc3 Nc6 4. Bb5 Qc7 5. O-O Nge7 6. Re1 Nd4 7. Nxd4 cxd4 8.
Ne2 a6 9. Ba4 b5 10. Bb3 Nc6 11. d3 Be7 12. c3 dxc3 13. bxc3 O-O 14. a3 Bb7 15.
Bf4 Bd6 16. Qd2 Rac8 17. Bxd6 Qxd6 18. d4 Na5 19. Bc2 Nc4 20. Qd3 g6 21. a4 Nb2
1/2-1/2

[Event "?"]
[Site "?"]
[Date "????.??.??"]
[Round "?"]
[White "Malmdin, N."]
[Black "Hurme, H."]
[Result "1/2-1/2"]
[WhiteElo "2281"]
[BlackElo "2343"]
[PlyCount "160"]
[EventDate "2010.??.??"]
[WhiteTeam "Schweden 1"]
[BlackTeam "Finnland"]
[BlackTeamCountry "FIN"]

1. e4 c5 2. Nf3 Nc6 3. d4 cxd4 4. Nxd4 g6 5. c4 Nf6 6. Nc3 Nxd4 7. Qxd4 d6 8.
Bg5 Bg7 9. Qd2 O-O 10. Bd3 Bd7 11. O-O Bc6 12. Rac1 a5 13. Rfe1 a4 14. Re2 Qa5
15. Nd5 Bxd5 16. Qxa5 Rxa5 17. cxd5 Rc5 18. Rxc5 dxc5 19. Bb5 Ra8 20. Bd2 a3
21. b3 Ne8 22. Bxe8 Rxe8 23. Bc1 Ra8 24. Rc2 Bd4 25. Kf1 f5 26. f3 b6 27. Ke2
fxe4 28. fxe4 Kf7 29. Kd3 e5 30. Be3 Ke7 31. Rf2 b5 32. Bg5+ Ke8 33. Rf6 Rc8
34. Re6+ Kd7 35. Re7+ Kd6 36. Rb7 c4+ 37. bxc4 bxc4+ 38. Kc2 Rc7 39. Rxc7 Kxc7
40. Bc1 Kb6 41. Bxa3 Bg1 42. h3 Kb5 43. Bd6 Bd4 44. Bc7 Ka6 45. Bd6 Kb5 46. Ba3
Bb6 47. Be7 Bd4 48. a4+ Kxa4 49. d6 Bc5 50. Bf8 Bb6 51. Bg7 Kb5 52. Bxe5 Kc5
53. Bg3 Ba5 54. Bf4 Bd8 55. e5 Kd5 56. Bg3 Ba5 57. Bf4 Bd8 58. Bg3 Ba5 59. h4
h5 60. Bf4 Ke6 61. Bg5 Be1 62. Bf6 Bb4 63. Bg5 Be1 64. Kd1 Bc3 65. Bf4 Ba5 66.
Ke2 Bd8 67. Bg5 Bb6 68. Kf3 Bd4 69. Ke4 Bf2 70. Kf3 Bd4 71. Bf4 Bb6 72. g3 Kf5
73. Ke2 Ke6 74. Kd2 Bd4 75. Kc2 Kd7 76. Kb1 Bc3 77. Ka2 Bb4 78. Kb2 Ke6 79. Kc2
Be1 80. Kd1 Bc3 1/2-1/2

[Event "?"]
[Site "?"]
[Date "????.??.??"]
[Round "?"]
[White "Havansi, E."]
[Black "Svensson, L."]
[Result "1-0"]
[WhiteElo "2240"]
[BlackElo "2263"]
[PlyCount "65"]
[EventDate "2010.??.??"]
[WhiteTeam "Finnland"]
[BlackTeam "Schweden 1"]
[WhiteTeamCountry "FIN"]

1. c4 c5 2. Nf3 Nc6 3. g3 Nf6 4. d4 cxd4 5. Nxd4 e6 6. Bg2 Qb6 7. Nc2 Be7 8.
Nc3 O-O 9. O-O a6 10. e4 d6 11. b3 Bd7 12. Be3 Qc7 13. Rc1 Rab8 14. Bf4 Ne8 15.
c5 g5 16. cxd6 Nxd6 17. Be3 Bf6 18. Bc5 Be7 19. Ne3 b6 20. Ncd5 exd5 21. Nxd5
Qd8 22. Nxe7+ Nxe7 23. Bxd6 Rc8 24. Qd2 h6 25. Rfd1 Re8 26. Qb2 Rxc1 27. Rxc1
Nc8 28. Be5 Kh7 29. Bf6 Ne7 30. Qd4 Kg6 31. e5 Nf5 32. Be4 Qa8 33. Qd3 1-0